000 00983cam a2200301 a 4500
001 4297281
003 Nust
005 20220829120346.0
008 860729s1986 nyu 000 1 eng
010 _a 86020313
020 _a9780330462440
_cRs. 476
038 _aArshad
040 _aDLC
_cDLC
_dDLC
_dOCoLC
_dDLC
043 _an-us-ca
050 0 0 _aPR6053.O425
_bH56 1986
082 0 0 _a823
_bCOL
100 1 _aCollins, Jackie.
_912048
245 1 0 _aHollywood husbands /
_cby Jackie Collins.
260 _aNew York :
_bSimon and Schuster,
_c1986.
300 _a508 p. ;
_c25 cm.
650 0 _aMotion picture industry
_xFiction.
_98377
650 0 _aHusbands
_xFiction.
_912059
651 0 _aHollywood (Los Angeles, Calif.)
_xFiction.
_912060
655 7 _aLove stories.
_2gsafd
_9418
856 4 2 _3Contributor biographical information
_uhttp://www.loc.gov/catdir/enhancements/fy1208/86020313-b.html
906 _a7
_bcbc
_corignew
_d1
_eocip
_f19
_gy-gencatlg
942 _2ddc
_cBK
999 _c174427
_d174427